000 00698nam a2200253 a 4500
001 0001-1181
003 ELIB.Books
008 150508 2010 eng
020 _a9780393081596
035 _a(ELIB.Books)0001-1336
092 _a371.1
_bGre
100 _aGreen, Elizabeth.
245 _aBuilding a Better Teacher
_bHow Teaching Works and How to Teach It to Everyone
250 _aFirst Edition
260 _aNew York
_bW. W. Norton & Company
_c2014
300 _a372
_c24 Cm
500 _aC/o Moe Lwei
650 _aTeachers & Teaching
856 _nKBTS: Library
_uKBTS: Elib
942 _2ddc
_cBK
990 _a1
998 _cbat
_e2015-05-08
999 _c11181
_d11181